| 000 | 00659nam a2200181 4500 | ||
|---|---|---|---|
| 008 | 040823s1987 tnu b 000 0 eng | ||
| 020 | _a0687197295 | ||
| 090 |
_aBV660.2 _bSch1i |
||
| 100 | 1 | _aSchaller, Lyle E. | |
| 245 | 1 | 0 |
_aIt's a different world! : _bthe challenge for today's pastor / _cLyle E. Schaller. |
| 260 |
_aNashville : _bAbingdon Press, _cc1987. |
||
| 300 |
_a239 p. ; _c22 cm. |
||
| 504 | _aIncludes bibliographies. | ||
| 650 | 4 |
_aClergy _xOffice. |
|
| 651 | 4 |
_aUnited States _xChurch history _y20th century. |
|
| 651 | 4 |
_aUnited States _xSocial life and customs _y1971- |
|
| 951 |
_p27425 _x00029694 _oBV660.2/Sch1i _j070613111412421 _d2000-12-21 _cGC |
||
| 999 |
_c20972 _d20972 |
||